The North Atlantic Treaty Organisation (Record no. 490332)

000 -LEADER
fixed length control field 00407cam a22001097a 4500
008 - FIXED-LENGTH DATA ELEMENTS--GENERAL INFORMATION
fixed length control field 180718b1958 xxu||||| |||| 00| 0 eng d
082 ## - DEWEY DECIMAL CLASSIFICATION NUMBER
Classification number D614 NATO
245 ## - TITLE STATEMENT
Title The North Atlantic Treaty Organisation
Statement of responsibility, etc. by Reference Division, Central Office of Information
260 ## - PUBLICATION, DISTRIBUTION, ETC.
Place of publication, distribution, etc. London
Name of publisher, distributor, etc. Reference Division, Central Office of Information
Date of publication, distribution, etc. 1958
300 ## - PHYSICAL DESCRIPTION
Extent 49p.
700 ## - ADDED ENTRY--PERSONAL NAME
Personal name United Kingdom. Central Office of Information
Holdings
Withdrawn status Lost status Damaged status Not for loan Permanent Location Current Location Date acquired Full call number Barcode Date last seen Price effective from Koha item type
        Indian Institute of Public Administration Indian Institute of Public Administration 2018-08-04 D614 NATO GG31805 2018-08-04 2018-08-04 GG

Powered by Koha